=LDR 00000nam 2200000 4500 =001 INLIS000000000003777 =005 20130612092058 =008 ***********************************Ind** =035 ##$$0010-061300000003777 =041 ##$$a Ind =082 ##$$a 612 =090 ##$$a 612, War t =100 ##$$a War, Brian R =245 ##$$a Telinga dan pendengaran, Brian R. Ward; penerjemah, Loehoer Widjajanto =260 ##$$a 1986 $b Semarang =300 ##$$a 40 hlm., ilus., 24 cm =650 ##$$a Tubuh manusia =650 ##$$a Telinga =700 ##$$a Wijayanto, Luhur =850 ##$$a NBPNMAT